000 00276nam a22001217a 4500
041 _aENG
100 _aLabye.Y
245 _aDesign And Optimization Of Irrigation Distribution Networks
260 _aRome
_bFAO
_c1988
300 _a274
650 _aFAO
856 _uFAO ( 01 )
999 _c2370
_d2370